000 00403pab a2200169 454500
008 180718b1995 xxu||||| |||| 00| 0 eng d
100 _aPrud'homme, Remy
245 _aNew goals for regional policy
260 _c1995
300 _ap.26-28
362 _aApr-May
650 _aLocal government
650 _aUnemployment
650 _aRegional planning
773 _aOECD Observer
909 _a28380
999 _c28380
_d28380